00646nam a2200217Ia 4500003000400000005001700004008004100021020001900062040000700081041000800088082001800096100002900114245003400143260002000177300000900197650003000206700002700236942001300263999001900276952013300295OSt20251212115757.0250729s2005 xx 000 0 und d a978-1446276143 cAL aeng a371.9104 DUBG aDubey Nath Mohan9226976 aGifted and talented education aNew Delhic2005 a184p aSpecial Education9226977 aRao Digumurthi9226978 2ddccBED c237488d237488 00104070aALbALd2025-07-29eSita Book Houseg150.00l0o371.9104 DUBGpBED02807r2025-07-29 16:55:46v150.00w2025-07-29yBK